000 nam a22 7a 4500
999 _c2417
_d2417
005 20170516121629.0
008 170516b1985 mnu||||| |||| 00| 0 eng d
020 _a 0314885129 :
_c $15.95
040 _aAKMAL
082 _a520 SNO
090 _a520
_bSNO
100 1 _aSnow, Theodore P
_95009
245 1 4 _aThe dynamic universe :
_ban introduction to astronomy /
_cTheodore P. Snow
250 _a 2nd ed.
260 _a St. Paul :
_b West Pub. Co.,
_cc1985
300 _axiv, 598 p., 48 p. of plates :
_bill. (some col.) ;
_c26 cm
504 _aIncludes bibliographies and index.
650 0 _aAstronomy.
_94980
942 _2ddc
_cBOOK